| 000 | 00943 a2200301 4500 | ||
|---|---|---|---|
| 001 | 77080 | ||
| 003 | TR-AnTOB | ||
| 005 | 20241206131101.0 | ||
| 008 | 130407s1961 tu 000 0 | ||
| 040 |
_aTR-AnTOB _cTR-AnTOB |
||
| 041 | _atur | ||
| 050 |
_aDK511.C2 _bH59 1961 |
||
| 090 | _aRARE DK511.C2 H59 1961 | ||
| 100 |
_aHizal, Ahmet Hazer _961312 |
||
| 245 | 0 |
_aKuzey Kafkasya : _bhürriyet ve istiklal davası. |
|
| 264 | 1 |
_aAnkara : _bOrkun, _c1961. |
|
| 300 |
_a[164] s. : _bres.,hrt., _c20 cm. |
||
| 336 |
_2rdacontent _atext _btxt |
||
| 337 |
_2rdamedia _aunmediated _bn |
||
| 338 |
_2rdacarrier _avolume _bnc |
||
| 490 | 0 |
_aOrkun Yayınları ; _v4 |
|
| 651 |
_aCaucasus, Northern (Russia) _xHistory _xAutonomy and independence movements _961313 |
||
| 651 | 0 |
_aKafkasya, Kuzey (Rusya) _xTarih _xÖzerklik ve bağımsızlık hareketleri _961314 |
|
| 903 | _aMerkez Kütüphane | ||
| 942 |
_cBK _2lcc |
||
| 945 | _aSEA, BS | ||
| 999 |
_c77080 _d25219 |
||